000 00528nam a2200181 a 4500
001 4216
003 CO-ViMGA
008 141112s2004 ck r 000 u spa d
040 _aCO-ViMGA
_bspa
_cCO-ViMGA
082 0 4 _a980.01 Z17a
100 1 _aZaragoza Ruvira, Gonzalo
_954745
245 1 0 _aAmérica Latina :
_bepoca colonial
260 _aSantafé de Bogotá :
_bRei Andes,
_c1987
300 _a95 p : il
490 _aColección biblioteca básica de historia
650 1 4 _aAmérica LATINA - HISTORIA
_96380
942 _2ddc
_cBK
999 _c16230
_d16230